Statistiques concernant Tableau périodique des éléments- non métaux

Cliquez ici pour prendre le quiz!

Statistiques générales

  • Ce quiz a été pris 48 fois
  • Le résultat moyen est 5 sur 7

Statistiques - réponses

Non-métaux% Correct
Azote
88%
Hydrogène
76%
Carbone
70%
Soufre
70%
Oxygène
67%
Phosphore
67%
Sélénium
42%

Distribution des résultats

Percentile par nombre de réponses

% des personnes avec chaque résultat

Votre développement - résultats

Vous n’avez pas pris ce quiz